En el aniversario de un desastre revelador /

Сохранить в:
Библиографические подробности
Главный автор: Hernández Pico, Juan
Формат: Текст
Метки: Добавить метку
Нет меток, Требуется 1-ая метка записи!

MARC

LEADER 00000 a a2200000 04500
001 7113
003
040
100 |a Hernández Pico, Juan  
245 |a En el aniversario de un desastre revelador /  |c Juan Hernández Pico 
773 |g volumen 18, número 212; páginas 22-26  
999 |c 35491  |d 35491